LEADER 03104nam 2200637Ia 450 001 9910791349803321 005 20230725015428.0 010 $a0-8047-7379-3 024 7 $a10.1515/9780804773799 035 $a(CKB)2560000000011476 035 $a(EBL)537857 035 $a(OCoLC)638861391 035 $a(SSID)ssj0000417195 035 $a(PQKBManifestationID)12164469 035 $a(PQKBTitleCode)TC0000417195 035 $a(PQKBWorkID)10437203 035 $a(PQKB)10808194 035 $a(MiAaPQ)EBC537857 035 $a(DE-B1597)564741 035 $a(DE-B1597)9780804773799 035 $a(Au-PeEL)EBL537857 035 $a(CaPaEBR)ebr10392271 035 $a(OCoLC)1178769883 035 $a(EXLCZ)992560000000011476 100 $a20090904d2010 uy 0 101 0 $aeng 135 $aurun#---|uu|u 181 $ctxt 182 $cc 183 $acr 200 00$aEthnic Europe$b[electronic resource] $emobility, identity, and conflict in a globalized world /$fedited by Roland Hsu 210 $aStanford, CA $cStanford University Press$dc2010 215 $a1 online resource (273 p.) 300 $aDescription based upon print version of record. 311 0 $a0-8047-6946-X 311 0 $a0-8047-6947-8 320 $aIncludes bibliographical references and index. 327 $tFront matter --$tContents --$tContributors --$tAcknowledgments --$tChapter One. The Ethnic Question --$tChapter Two. --$tChapter Three. --$tChapter Four. --$tChapter Five. Veiled Truths --$tChapter Six. Europe?s Internal Exiles --$tChapter Seven. The Return of Ethnicity to Europe via Islamic Migration? --$tChapter Eight. Germans and Jews in Turkey --$tChapter Nine. Experiment Mars, Turkish Migration, and the Future of Europe --$tChapter Ten. Jews in Contemporary Europe --$tIndex 330 $aEthnic Europe examines the increasingly complex ethnic challenges facing the expanding European Union. Essays from eleven experts tackle such issues as labor migration, strains on welfare economies, the durability of local traditions, the effects of globalized cultures, and the role of Islamic diasporas, separatist movements, and threats of terrorism. With Europe now a destination for global immigration, European countries are increasingly alert to the difficult struggle to balance minority rights with social cohesion. In pondering these dilemmas, the contributors to this volume take us from theory, history, and broad views of diasporas, to the particularities of neighborhoods, borderlands, and popular literature and film that have been shaped by the mixing of ethnic cultures. 606 $aEthnicity$zEurope 606 $aGroup identity$zEurope 606 $aMinorities$zEurope 606 $aImmigrants$zEurope 615 0$aEthnicity 615 0$aGroup identity 615 0$aMinorities 615 0$aImmigrants 676 $a305.80094 701 $aHsu$b Roland$f1961-$01581194 801 0$bMiAaPQ 801 1$bMiAaPQ 801 2$bMiAaPQ 906 $aBOOK 912 $a9910791349803321 996 $aEthnic Europe$93862591 997 $aUNINA LEADER 02390nas0 22005173i 450 001 MIL0219697 005 20251003044228.0 011 $a8576-2324 017 70$aP 00064342$2P 100 $a20130827b19851996||||0itac50 ba 101 | $aeng 102 $aus 110 $aazu|||||||| 181 1$6z01$ai $bxxxe 182 1$6z01$an 183 1$6z01$anc$2RDAcarrier 200 1 $aAT & T technical journal 207 0$aVol. 64, n. 1 (Jan. 1985)-vol. 75, n. 2 (Mar./Apr. 1996) 210 $aNew York$cAT&T$d1985-1996 215 $aIll.$d28 cm 300 $aBimestrale 326 $aBimestrale 430 0$1001RMS0023746$12001 $aAT & T Bell laboratories technical journal 440 1 $1001RMS0036558$12001 $aBell labs technical journal 517 1 $aAT and T technical journal$9TO00957635 606 $aTelecomunicazioni$xPeriodici$2FIR$3CFIC033124$9E 676 $a621.38$9INGEGNERIA ELETTRONICA E DELLE COMUNICAZIONI$v19 676 $a621.3805$9INGEGNERIA ELETTRONICA, DELLE COMUNICAZIONI. Pubblicazioni in serie$v14 676 $a621.3805$9INGEGNERIA ELETTRONICA E DELLE COMUNICAZIONI. Pubblicazioni in serie$v22 696 $aPubblicazioni periodiche$aRiviste$aComunicazioni elettriche$aMezzi di telecomunicazione$aSistemi di telecomunicazione 699 $aPeriodici$yPubblicazioni periodiche 699 $aPeriodici$yRiviste 699 $aTelecomunicazioni$yComunicazioni elettriche 699 $aTelecomunicazioni$yMezzi di telecomunicazione 699 $aTelecomunicazioni$ySistemi di telecomunicazione 712 02$aAmerican Telephone & Telegraph Company$3MILV119562 791 02$aAmerican Telephone and Telegraph Company$3PMIV015804$zAmerican Telephone & Telegraph Company 791 02$aAT & T$3TSAV466403$zAmerican Telephone & Telegraph Company 801 3$aIT$bIT-000000$c20130827 850 $aIT-BN0095 901 $bNAP 01$cPER. $nComprende periodici italiani e stranieri 912 $aMIL0219697 950 0$aBiblioteca Centralizzata di Ateneo$b71(1992);73(1994). Lac 1992; Indice 69(1990), 70(1991)-72(1993) in microfilm$c71(1992);73(1994). Lac 1992; Indice 69(1990), 70(1991)-72(1993) in microfilm$d 01PER. ING. AT&TT$e 0102 0000017275 VPA A4(1994 73(1994).$fB $h19950227$i20140721 977 $a 01 996 $aAT & T technical journal$9104846 997 $aUNISANNIO